000 00899nam a22002297a 4500
999 _c7331
_d7331
003 AR-CdUCM
008 190320b ||||| |||| 00| 0 spa d
040 _aMUNICIPALIDAD PROVINCIAL DEL CUSCO
_cBIBLIOTECA MUNICIPAL DEL CUSCO
082 _a576/
_bP16
100 _aPalleroni, Norberto J
_920663
245 _aPrincipios generales de microbiología /
260 _aWashington :
_bOEA,
_c1970.
300 _a: V-124 paginas ;
_bIlustraciones,
_c23 cm.
440 _aSerie de biología
_n7
_920664
505 _aDesarrollo y campo de la microbiologia -- Técnicas microbiologicas -- Estructura de las células procarioticas y ecucarioticas -- La célula bacteriana --
650 _aBiologia
_9881
650 _aCélulas madre
_920665
650 _aMicrobiología
_920666
710 _aDepartmen of microbiology / Nutley, New Jersey, Estados Unidos
_920667
942 _2ddc
_cLIBROS
945 _awnts